| 000 | 00513nam a2200205 4500 | ||
|---|---|---|---|
| 001 | biso0000607195 | ||
| 003 | OSt | ||
| 005 | 20140826213008.0 | ||
| 007 | ss lsnjlcmnnuu | ||
| 008 | 011129s1981 sp nn d 1 spa | ||
| 040 |
_aSpMaBN _cBMC |
||
| 082 | _a862.3 | ||
| 100 |
_9381 _aCastro, Guillén de _d1569-1631 |
||
| 245 | 1 | 4 |
_aLas mocedades del Cid _cGuillén de Castro |
| 250 | _a4ª ed | ||
| 260 |
_aMadrid _bEspasa-Calpe _c1971 |
||
| 300 |
_a246 p. _c18 cm |
||
| 490 |
_aAustral _v583 |
||
| 942 |
_2ddc _cBK |
||
| 999 |
_c310 _d310 |
||